000 00364nam a2200145Ia 4500
008 240624s9999 xx 000 0 und d
041 _aeng
082 _a413 SUN
100 _aSUNDARARAJAN SURENDRA
245 _aBOOK OF FINANCIAL TERMS
250 _a(4rd ed.)
260 _c2010
_aNew Delhi
_bTata McGrawhill
300 _a279 : p. : cm. ; 24
365 _cRS
_b33
999 _c26153
_d26153